000 00545nam a2200181Ia 4500
001 16234
005 20260306170254.0
008 260306t2012||||xx |||||||||||||| ||und||
041 _aESP
082 _a347.51
_bC69
100 _aCieza Mora, Jairo
_eAUT
245 0 _aProblemática de la nulidad y la impugnación de los acuerdos de las sociedades y asociaciones:
_banálisis doctrinario, legislativo y jurisprudencial
260 _c2012
300 _a278 páginas :
_c24 cm.
650 _aGEN
654 _aCDE
942 _cLIB
_dJUS
_fJUS
_2ddc
_n
999 _c16234
_d16234